[Event "Tradewise Gibraltar Masters 14th"]
[Site "Gibraltar"]
[Date "2016.01.29"]
[Round "4.73"]
[White "Martinez Martin, David"]
[Black "Fiala, Vaclav"]
[Result "0-1"]
[WhiteElo "2407"]
[BlackElo "2217"]
[PlyCount "80"]
[EventDate "2016.01.26"]
[EventType "swiss"]
[EventRounds "10"]
[EventCountry "GGB"]
[Source "www.saund.co.uk"]
[SourceDate "2005.02.07"]

1. d4 d5 2. c4 e6 3. Nc3 c6 4. e4 dxe4 5. Nxe4 Bb4+ 6. Bd2 Qxd4 7. Bxb4 Qxe4+
8. Be2 Nd7 9. Qd6 Qxg2 10. Bf3 Qg5 11. Ne2 Qe5 12. Qd2 Ngf6 13. Rg1 Rg8 14. Rg5
Qc7 15. Bd6 Qd8 16. O-O-O a5 17. Qe3 h6 18. Nf4 Nb6 19. Rc5 Bd7 20. Re5 Nc8 21.
Ba3 g5 22. Nxe6 fxe6 23. Rxe6+ Kf7 24. Rxf6+ Kxf6 25. Bh5 Qc7 26. Rxd7 Qxd7 27.
Qc3+ Kf5 28. Qf3+ Ke5 29. Qe3+ Kf6 30. b3 Qe6 31. Qf3+ Kg7 32. Bb2+ Kh7 33.
Qd3+ Rg6 34. Bxg6+ Qxg6 35. Qd7+ Kg8 36. Qxb7 Nb6 37. c5 Qf7 38. Qxb6 Re8 39.
Qxa5 Qxf2 40. Bc3 Qg1+ 0-1

[Event "Tradewise Gibraltar Masters 14th"]
[Site "Gibraltar"]
[Date "2016.01.29"]
[Round "4.74"]
[White "Kohlweyer, Bernd"]
[Black "Nebolsina, Vera"]
[Result "1-0"]
[WhiteElo "2404"]
[BlackElo "2208"]
[PlyCount "79"]
[EventDate "2016.01.26"]
[EventType "swiss"]
[EventRounds "10"]
[EventCountry "GGB"]
[Source "www.saund.co.uk"]
[SourceDate "2005.02.07"]

1. d4 d5 2. c4 c6 3. Bf4 Nf6 4. e3 g6 5. Nc3 Bg7 6. Qb3 O-O 7. Nf3 dxc4 8. Bxc4
b5 9. Bd3 a5 10. O-O a4 11. Qc2 Na6 12. a3 Bb7 13. Qe2 Nc7 14. Rac1 Ne6 15. Be5
Bh6 16. Rfd1 Nd5 17. Be4 Ba6 18. Qe1 Qd7 19. Bg3 f6 20. Bb1 Rfc8 21. Ba2 Kh8
22. Rc2 Ng7 23. h3 Nf5 24. Bh2 Nxc3 25. Rxc3 Nd6 26. Ne5 Qe8 27. Nd3 Rd8 28.
Nb4 Bb7 29. Rdc1 Ne4 30. R3c2 e5 31. Nxc6 exd4 32. Nxd8 Rxd8 33. exd4 Bxc1 34.
Rxc1 Qd7 35. Rd1 Qf5 36. f3 Ng5 37. Qe7 Nxf3+ 38. Kh1 Nxh2 39. Qxd8+ Kg7 40.
Qc7+ 1-0

[Event "Tradewise Gibraltar Masters 14th"]
[Site "Gibraltar"]
[Date "2016.01.29"]
[Round "4.75"]
[White "Kuipers, Stefan"]
[Black "Tscharotschkin, Michael"]
[Result "1-0"]
[WhiteElo "2399"]
[BlackElo "2169"]
[PlyCount "93"]
[EventDate "2016.01.26"]
[EventType "swiss"]
[EventRounds "10"]
[EventCountry "GGB"]
[Source "www.saund.co.uk"]
[SourceDate "2005.02.07"]

1. b3 Nf6 2. Bb2 d5 3. e3 g6 4. f4 Bg7 5. Nf3 O-O 6. Be2 c5 7. O-O Nc6 8. Ne5
Nxe5 9. Bxe5 Ne8 10. Bxg7 Nxg7 11. Bf3 e6 12. Nc3 Bd7 13. Qe1 Bc6 14. Nd1 Qd6
15. Nf2 f5 16. Rc1 e5 17. fxe5 Qxe5 18. Nd3 Qd6 19. Qg3 Qxg3 20. hxg3 Ne6 21.
g4 Rae8 22. gxf5 Rxf5 23. Bg4 Rxf1+ 24. Rxf1 b6 25. Rf6 Bd7 26. Nf4 Kg7 27.
Bxe6 Kxf6 28. Bxd7 Rd8 29. Bc6 d4 30. e4 Ke5 31. Nd3+ Kd6 32. Bb5 a6 33. e5+
Ke7 34. Bxa6 Ra8 35. Bc4 Rxa2 36. Nf4 Rxc2 37. Nd5+ Ke6 38. Ne3+ Rxc4 39. Nxc4
b5 40. Na3 Kxe5 41. Nxb5 Ke4 42. Kf2 Kd3 43. Ke1 h5 44. Nc7 c4 45. bxc4 Kxc4
46. Ne6 h4 47. Ke2 1-0

[Event "Tradewise Gibraltar Masters 14th"]
[Site "Gibraltar"]
[Date "2016.01.29"]
[Round "4.76"]
[White "Weeramantry, Sunil"]
[Black "Bellon Lopez, Juan Manuel"]
[Result "0-1"]
[WhiteElo "2099"]
[BlackElo "2376"]
[PlyCount "78"]
[EventDate "2016.01.26"]
[EventType "swiss"]
[EventRounds "10"]
[EventCountry "GGB"]
[Source "www.saund.co.uk"]
[SourceDate "2005.02.07"]

1. e4 c5 2. Nf3 e6 3. d4 cxd4 4. Nxd4 a6 5. Nc3 Qc7 6. Be2 b5 7. f4 Bb7 8. Bf3
Bc5 9. Nb3 Ba7 10. e5 f5 11. Bxb7 Qxb7 12. Qe2 Ne7 13. Be3 b4 14. Bxa7 Rxa7 15.
Na4 Qb5 16. Nac5 Qxe2+ 17. Kxe2 Nd5 18. g3 Rc7 19. a3 a5 20. axb4 axb4 21. Kd3
Ke7 22. Na6 Nxa6 23. Rxa6 h6 24. h4 Rhc8 25. Nd4 b3 26. c3 Nxc3 27. Rc1 Ne4 28.
Rxc7 Rxc7 29. Ra8 Rc1 30. g4 Nc5+ 31. Kd2 Rc4 32. Ke3 fxg4 33. f5 g3 34. fxe6
g2 35. Ra1 Nxe6 36. Nf5+ Kd8 37. Nd6 Rc2 38. Nb5 Rxb2 39. Ra8+ Ke7 0-1

[Event "Tradewise Gibraltar Masters 14th"]
[Site "Gibraltar"]
[Date "2016.01.29"]
[Round "4.77"]
[White "Cramling, Pia"]
[Black "Verneuil, Pascal"]
[Result "1-0"]
[WhiteElo "2523"]
[BlackElo "2205"]
[PlyCount "22"]
[EventDate "2016.01.26"]
[EventType "swiss"]
[EventRounds "10"]
[EventCountry "GGB"]
[Source "www.saund.co.uk"]
[SourceDate "2005.02.07"]

1. c4 Nf6 2. Nc3 c5 3. g3 Nc6 4. Bg2 e6 5. Nf3 d5 6. cxd5 Nxd5 7. O-O Nde7 8.
Ne1 Nf5 9. b3 Be7 10. Bxc6+ bxc6 11. Bb2 h5 {One scoresheet received only -
illegible hereafter.} 1-0

[Event "Tradewise Gibraltar Masters 14th"]
[Site "Gibraltar"]
[Date "2016.01.29"]
[Round "4.78"]
[White "Ajele, Rotimi"]
[Black "Zhao Xue"]
[Result "0-1"]
[WhiteElo "2163"]
[BlackElo "2506"]
[PlyCount "26"]
[EventDate "2016.01.26"]
[EventType "swiss"]
[EventRounds "10"]
[EventCountry "GGB"]
[Source "www.saund.co.uk"]
[SourceDate "2005.02.07"]

1. d4 Nf6 2. c4 e6 3. Nf3 b6 4. g3 Ba6 5. b3 b5 6. Bg2 bxc4 7. Ne5 c6 8. Nxc4
d5 9. Ne5 Nbd7 10. Nxd7 Qxd7 11. O-O c5 12. Nc3 Bd6 13. Qd2 O-O {One
scoresheet received only - illegible hereafter.} 0-1

[Event "Tradewise Gibraltar Masters 14th"]
[Site "Gibraltar"]
[Date "2016.01.29"]
[Round "4.79"]
[White "Blodig, Reinhard"]
[Black "Tarjan, James E"]
[Result "0-1"]
[WhiteElo "2158"]
[BlackElo "2478"]
[PlyCount "82"]
[EventDate "2016.01.26"]
[EventType "swiss"]
[EventRounds "10"]
[EventCountry "GGB"]
[Source "www.saund.co.uk"]
[SourceDate "2005.02.07"]

1. e4 c5 2. Nc3 Nc6 3. g3 g6 4. Bg2 Bg7 5. d3 d6 6. f4 e6 7. Nf3 Nge7 8. O-O
O-O 9. Be3 Nd4 10. e5 Nef5 11. Bf2 dxe5 12. Nxe5 Nd6 13. Na4 Qc7 14. c3 N4f5
15. Nxc5 Rb8 16. Qb3 b6 17. Nc6 Ra8 18. Ne4 Bb7 19. Nxd6 Qxd6 20. Qb4 Qd7 21.
Ne5 Bxe5 22. Bxb7 Bxc3 23. bxc3 Qxb7 24. a4 Qd5 25. Rfd1 Rfd8 26. a5 bxa5 27.
Qxa5 Qf3 28. Qe5 h5 29. Qe4 Qg4 30. Qg2 Qe2 31. h3 Rac8 32. g4 hxg4 33. Qxg4
Qb2 34. c4 Rxd3 35. Rxa7 Rcd8 36. Re1 Rd2 37. Rxe6 fxe6 38. Qxg6+ Ng7 39. Qf7+
Kh8 40. Rb7 Qa1+ 41. Kg2 Qd4 0-1

[Event "Tradewise Gibraltar Masters 14th"]
[Site "Gibraltar"]
[Date "2016.01.29"]
[Round "4.80"]
[White "Campbell, Charles"]
[Black "Houska, Jovanka"]
[Result "0-1"]
[WhiteElo "2157"]
[BlackElo "2402"]
[PlyCount "108"]
[EventDate "2016.01.26"]
[EventType "swiss"]
[EventRounds "10"]
[EventCountry "GGB"]
[Source "www.saund.co.uk"]
[SourceDate "2005.02.07"]

1. d4 d5 2. c4 e6 3. Nc3 Nf6 4. Bg5 Be7 5. e3 Nbd7 6. cxd5 exd5 7. Bd3 O-O 8.
Nf3 c6 9. Qc2 Re8 10. O-O Nf8 11. Ne5 Ng4 12. Bxe7 Qxe7 13. Nf3 Be6 14. Rab1 a5
15. a3 g6 16. b4 axb4 17. axb4 b5 18. Ne2 Rec8 19. Nf4 Nd7 20. h3 Nh6 21. Rfe1
Bf5 22. e4 dxe4 23. Bxe4 Qd6 24. Nd3 Nf6 25. Bxf5 Nxf5 26. Qc5 Ra3 27. Nde5
Qxc5 28. dxc5 Nd5 29. Rb2 f6 30. Ng4 h5 31. Ngh2 g5 32. g4 hxg4 33. hxg4 Nfe7
34. Nd4 Kf7 35. Rbe2 Rca8 36. Nc2 Rc3 37. Nf1 Ng6 38. Nfe3 Ndf4 39. Rd2 Ne5 40.
Nd4 Rd8 41. Nef5 Rd7 42. Ra2 Rd3 43. Rxe5 fxe5 44. Nxc6 Rd1+ 45. Kh2 Kf6 46.
Ra7 R7d2 47. Ne3 Re1 48. Ra6 Rxe3 49. Nd4+ Kf7 50. Ra7+ Ke8 51. Ra8+ Kd7 52.
c6+ Kc7 53. Ra7+ Kb8 54. Nxb5 Rh3+ 0-1

[Event "Tradewise Gibraltar Masters 14th"]
[Site "Gibraltar"]
[Date "2016.01.29"]
[Round "4.81"]
[White "Dougherty, Michael"]
[Black "Solomon, Kenny"]
[Result "0-1"]
[WhiteElo "2149"]
[BlackElo "2390"]
[PlyCount "114"]
[EventDate "2016.01.26"]
[EventType "swiss"]
[EventRounds "10"]
[EventCountry "GGB"]
[Source "www.saund.co.uk"]
[SourceDate "2005.02.07"]

1. d4 Nf6 2. c4 e6 3. Nc3 Bb4 4. Nf3 b6 5. g3 Bb7 6. Bg2 Bxc3+ 7. bxc3 d6 8.
O-O O-O 9. h3 Nbd7 10. g4 Qc8 11. Bf4 Re8 12. Bh2 Ne4 13. Qd3 f5 14. Ne1 Ndf6
15. f3 Ng5 16. h4 Nf7 17. g5 Nh5 18. e4 g6 19. Bh3 Ba6 20. Ng2 d5 21. Ne3 Nd6
22. exd5 exd5 23. Rfe1 Qd7 24. Kf2 Qf7 25. Bf1 Nxc4 26. Ng2 f4 27. Qc2 Ne3 28.
Nxe3 fxe3+ 29. Rxe3 Rxe3 30. Kxe3 Rf8 31. Qf2 Bc8 32. Re1 Qe7+ 33. Be5 Nf4 34.
Kd2 Qa3 35. Rc1 Qxa2+ 36. Rc2 Qa4 37. Ke3 Qe8 38. Rc1 Nh5 39. Qa2 Qf7 40. Be2
Nf4 41. Bd1 a5 42. Qh2 Qe7 43. Kd2 Qf7 44. Bb3 Nh5 45. f4 c6 46. Re1 Re8 47.
Bd1 Bf5 48. Kc1 b5 49. Rf1 b4 50. Bxh5 gxh5 51. Qb2 Qb7 52. cxb4 axb4 53. Rf3
Qb5 54. Kd2 Ra8 55. Ke1 Bg4 56. Rf2 Qd3 57. Qc1 Qe4+ 0-1

[Event "Tradewise Gibraltar Masters 14th"]
[Site "Gibraltar"]
[Date "2016.01.29"]
[Round "4.82"]
[White "Lobersli, Henrik Oie"]
[Black "Shachar, Ehud"]
[Result "0-1"]
[WhiteElo "2146"]
[BlackElo "2353"]
[PlyCount "82"]
[EventDate "2016.01.26"]
[EventType "swiss"]
[EventRounds "10"]
[EventCountry "GGB"]
[Source "www.saund.co.uk"]
[SourceDate "2005.02.07"]

1. e4 e6 2. d4 d5 3. Nc3 Bb4 4. e5 b6 5. Qg4 Bf8 6. Nf3 Ba6 7. Bxa6 Nxa6 8. O-O
Qd7 9. a4 Nb4 10. Ne1 a5 11. Be3 Ne7 12. Nb5 Nf5 13. b3 c6 14. Na3 Be7 15. c3
Na6 16. Nec2 O-O 17. Rfd1 b5 18. Qe2 Rfb8 19. g4 Nxe3 20. Nxe3 bxa4 21. bxa4
Rb3 22. Nb1 c5 23. Qc2 Rab8 24. dxc5 Rb2 25. Qc1 Bxc5 26. Rd2 R2b3 27. Rd3 Ba7
28. Nd2 Nc5 29. Nxb3 Nxd3 30. Qd1 Nxe5 31. Nd4 h6 32. Kg2 Ng6 33. Nb5 Bc5 34.
Qd2 Qe7 35. h3 Qf6 36. Qd1 Qf4 37. Ra2 Qe4+ 38. Kh2 Nf4 39. Qf1 Qf3 40. Ra1
Rxb5 41. axb5 Bd6 0-1

[Event "Tradewise Gibraltar Masters 14th"]
[Site "Gibraltar"]
[Date "2016.01.29"]
[Round "4.83"]
[White "Bellin, Robert"]
[Black "Seyfried, Claus"]
[Result "1-0"]
[WhiteElo "2350"]
[BlackElo "2137"]
[PlyCount "99"]
[EventDate "2016.01.26"]
[EventType "swiss"]
[EventRounds "10"]
[EventCountry "GGB"]
[Source "www.saund.co.uk"]
[SourceDate "2005.02.07"]

1. e4 e5 2. Nf3 Nc6 3. Bb5 a6 4. Ba4 Nf6 5. O-O Be7 6. Bxc6 dxc6 7. d3 Nd7 8.
Nc3 O-O 9. Ne2 Bf6 10. Ng3 g6 11. Bh6 Bg7 12. Qd2 Qe7 13. Bxg7 Kxg7 14. d4 f6
15. Qc3 Re8 16. Rad1 c5 17. dxe5 Nxe5 18. Nxe5 Qxe5 19. Qxe5 fxe5 20. Rd5 b6
21. Rfd1 Kf6 22. R1d3 Bb7 23. Rd7 Re7 24. f3 Ke6 25. Rxe7+ Kxe7 26. Kf2 Rd8 27.
Rxd8 Kxd8 28. h4 Ke7 29. Ke3 Bc8 30. Nf1 Kf6 31. f4 h6 32. g3 b5 33. Nh2 Be6
34. a3 b4 35. c3 a5 36. Nf3 exf4+ 37. gxf4 Bd7 38. Ne5 Bb5 39. Ng4+ Kg7 40. Ne5
Kf6 41. Nd3 c4 42. Nc5 bxa3 43. bxa3 a4 44. Kd4 g5 45. hxg5+ hxg5 46. fxg5+
Kxg5 47. Ne6+ Kf6 48. Nxc7 Bc6 49. Nd5+ Ke6 50. Nb6 1-0

[Event "Tradewise Gibraltar Masters 14th"]
[Site "Gibraltar"]
[Date "2016.01.29"]
[Round "4.84"]
[White "Veltkamp, Gerben"]
[Black "Tate, Alan"]
[Result "1-0"]
[WhiteElo "2135"]
[BlackElo "2345"]
[PlyCount "137"]
[EventDate "2016.01.26"]
[EventType "swiss"]
[EventRounds "10"]
[EventCountry "GGB"]
[Source "www.saund.co.uk"]
[SourceDate "2005.02.07"]

1. e4 c6 2. Nc3 d5 3. Nf3 Bg4 4. Be2 e6 5. h3 Bxf3 6. Bxf3 Nf6 7. O-O Bb4 8. d3
Bxc3 9. bxc3 dxe4 10. dxe4 Qxd1 11. Rxd1 Nbd7 12. Rd4 O-O-O 13. Be2 Nc5 14. f3
e5 15. Rc4 Ne6 16. Be3 g5 17. Bf1 h5 18. Rb1 g4 19. Rcb4 b6 20. a4 c5 21. R4b2
Kc7 22. a5 Rb8 23. axb6+ axb6 24. Bc4 gxf3 25. gxf3 Rhg8+ 26. Kf2 h4 27. Ra2
Rb7 28. Rg1 Rxg1 29. Kxg1 Nh5 30. Kh2 Kd6 31. Ra1 Nef4 32. Rg1 b5 33. Rd1+ Ke7
34. Bxc5+ Kf6 35. Bf1 Ng3 36. Bf2 Nfh5 37. Rd6+ Ke7 38. Bc5 Nxf1+ 39. Kg1 Ke8
40. Kxf1 Rc7 41. Bb4 Nf4 42. Rb6 Ra7 43. Rxb5 Ra1+ 44. Kf2 f6 45. Rb7 Nxh3+ 46.
Ke3 Nf4 47. Re7+ Kd8 48. Rh7 Kc8 49. Be7 Ra6 50. Rh6 Rc6 51. Kd2 h3 52. Bxf6
Rd6+ 53. Ke3 Kd7 54. Rh7+ Kc6 55. Bg5 Ng2+ 56. Kf2 Rg6 57. Rh5 Kc5 58. Be3+ Kc4
59. Rxh3 Kxc3 60. Rh2 Nf4 61. Bxf4 exf4 62. Rh4 Rf6 63. Rh5 Rd6 64. Rc5+ Kb2
65. Ke2 Kc1 66. Rd5 Rh6 67. e5 Kxc2 68. Rc5+ Kb3 69. Kd3 1-0

[Event "Tradewise Gibraltar Masters 14th"]
[Site "Gibraltar"]
[Date "2016.01.29"]
[Round "4.85"]
[White "Gara, Anita"]
[Black "Feldbacher, Harald"]
[Result "1-0"]
[WhiteElo "2339"]
[BlackElo "2121"]
[PlyCount "55"]
[EventDate "2016.01.26"]
[EventType "swiss"]
[EventRounds "10"]
[EventCountry "GGB"]
[Source "www.saund.co.uk"]
[SourceDate "2005.02.07"]

1. e4 c5 2. Nf3 Nc6 3. Bb5 g6 4. O-O Bg7 5. c3 Nf6 6. Re1 O-O 7. h3 a6 8. Bxc6
bxc6 9. d4 cxd4 10. cxd4 d5 11. e5 Ne4 12. Nbd2 c5 13. dxc5 Qc7 14. Nb3 Nxc5
15. Qxd5 Nxb3 16. Qxb3 Rb8 17. Qa3 Bb7 18. Bf4 Qc4 19. Bg3 Qe6 20. Re2 Bh6 21.
Rae1 Rfd8 22. Kh2 Rd7 23. Qb4 Rbd8 24. Qg4 Qc6 25. e6 f5 26. Qh4 Rd3 27. Qxh6
Rxf3 28. Be5 1-0

[Event "Tradewise Gibraltar Masters 14th"]
[Site "Gibraltar"]
[Date "2016.01.29"]
[Round "4.86"]
[White "Mannion, Stephen R"]
[Black "Barrenechea Bahamonde, Gustavo"]
[Result "0-1"]
[WhiteElo "2334"]
[BlackElo "2116"]
[PlyCount "170"]
[EventDate "2016.01.26"]
[EventType "swiss"]
[EventRounds "10"]
[EventCountry "GGB"]
[Source "www.saund.co.uk"]
[SourceDate "2005.02.07"]

1. e4 Nf6 2. e5 Nd5 3. Nc3 Nb6 4. a4 a5 5. d4 d6 6. Nf3 dxe5 7. Nxe5 g6 8. h4
Bg7 9. Bf4 h5 10. Qd2 N8d7 11. O-O-O Nxe5 12. Bxe5 Bxe5 13. dxe5 Qxd2+ 14. Rxd2
c6 15. Be2 Bd7 16. b3 O-O-O 17. Rhd1 Bf5 18. f4 Rxd2 19. Rxd2 Rd8 20. Bf3 Be6
21. g3 Nd5 22. Ne4 Ne3 23. Rxd8+ Kxd8 24. Kd2 Nf5 25. c4 b6 26. Bd1 Bc8 27. Ke2
c5 28. Kf2 Nd4 29. Ke3 Nf5+ 30. Kf2 Nd4 31. Ke3 Nf5+ 32. Kd3 Bb7 33. g4 hxg4
34. Bxg4 Nxh4 35. Ng5 f5 36. Bh3 Nf3 37. Ne6+ Ke8 38. Ke3 Ne1 39. Ke2 Nc2 40.
Kd2 Nb4 41. Bf1 Bh1 42. Be2 Nc6 43. Ke3 Nd8 44. Nc7+ Kd7 45. Nd5 e6 46. Nc3 Nf7
47. Bd1 Bc6 48. Be2 Ke7 49. Bf3 Bxf3 50. Kxf3 g5 51. Nb5 g4+ 52. Ke3 Kd7 53.
Nc3 Nd8 54. Ne2 Nc6 55. Ng3 Nd4 56. Kd3 Nxb3 57. Kc3 Nd4 58. Kd3 Nf3 59. Ke2
Nh4 60. Kf2 Ng6 61. Ke3 Nh4 62. Kf2 Nf3 63. Ke2 Ke7 64. Kd1 Kf7 65. Ke2 Kg6 66.
Ke3 Kh6 67. Ke2 Nh4 68. Kf2 Kg6 69. Kf1 Nf3 70. Ke2 Nxe5 71. fxe5 Kg5 72. Kf2
Kf4 73. Nf1 Kxe5 74. Ke3 f4+ 75. Kd3 Kf5 76. Nd2 e5 77. Ne4 g3 78. Nd6+ Ke6 79.
Ne4 g2 80. Ng5+ Kf5 81. Nh3 Kg4 82. Ng1 f3 83. Ke3 e4 84. Kf2 Kh4 85. Ke3 Kg3
0-1

[Event "Tradewise Gibraltar Masters 14th"]
[Site "Gibraltar"]
[Date "2016.01.29"]
[Round "4.87"]
[White "Osuna Vega, Enrique"]
[Black "Zwahr, Paul"]
[Result "1/2-1/2"]
[WhiteElo "2127"]
[BlackElo "2333"]
[PlyCount "113"]
[EventDate "2016.01.26"]
[EventType "swiss"]
[EventRounds "10"]
[EventCountry "GGB"]
[Source "www.saund.co.uk"]
[SourceDate "2005.02.07"]

1. e4 e5 2. Nf3 Nc6 3. c3 d5 4. Qa4 f6 5. Bb5 Nge7 6. exd5 Qxd5 7. O-O e4 8. c4
Qd8 9. Ne1 a6 10. c5 Bd7 11. Be2 f5 12. d3 Ne5 13. Qc2 N7c6 14. Be3 Qf6 15. Nc3
Nb4 16. Qb3 exd3 17. Bh5+ g6 18. Qxb4 gxh5 19. Bd4 O-O-O 20. Nd5 Qe6 21. Nf4
Qe8 22. Qc3 Bg7 23. Nfxd3 Nxd3 24. Bxg7 Rg8 25. Nxd3 Qg6 26. Nf4 Qxg7 27. Qxg7
Rxg7 28. Nxh5 Rg4 29. Nf6 Rg6 30. Nxd7 Rxd7 31. Rfe1 Rd5 32. Rac1 Kd7 33. Red1
Rxd1+ 34. Rxd1+ Kc6 35. b4 Rg4 36. a3 a5 37. f3 Rc4 38. Rb1 axb4 39. axb4 Kb5
40. Kf2 Rxb4 41. Re1 Rc4 42. Re7 Rxc5 43. Rxh7 Kc4 44. g4 fxg4 45. fxg4 b5 46.
h4 b4 47. g5 Rc6 48. h5 b3 49. g6 b2 50. g7 b1=Q 51. g8=Q+ Kc5 52. Qf8+ Kb5 53.
Qb8+ Rb6 54. Qe8+ Ka6 55. Qa8+ Kb5 56. Qe8+ Ka6 57. Qa8+ 1/2-1/2

[Event "Tradewise Gibraltar Masters 14th"]
[Site "Gibraltar"]
[Date "2016.01.29"]
[Round "4.88"]
[White "Boado Rodriguez, Martin"]
[Black "Kharous, Ernest"]
[Result "1-0"]
[WhiteElo "2121"]
[BlackElo "2314"]
[PlyCount "172"]
[EventDate "2016.01.26"]
[EventType "swiss"]
[EventRounds "10"]
[EventCountry "GGB"]
[Source "www.saund.co.uk"]
[SourceDate "2005.02.07"]

1. e4 c5 2. g3 Nc6 3. Bg2 g6 4. Ne2 Bg7 5. O-O e6 6. d3 Nge7 7. Nbc3 O-O 8. Bf4
d6 9. Qd2 Nd4 10. Rae1 e5 11. Bg5 f6 12. Be3 Be6 13. f4 Qb6 14. b3 Qb4 15. Qc1
Rad8 16. Bd2 Qb6 17. Na4 Qc7 18. c4 f5 19. Nac3 a6 20. Nd5 Nxd5 21. exd5 Bc8
22. Nxd4 exd4 23. Rf2 Rfe8 24. Rfe2 Bd7 25. Qa3 Rxe2 26. Rxe2 Re8 27. Rxe8+
Bxe8 28. Qa5 Qxa5 29. Bxa5 b5 30. a3 Kf7 31. Kf2 Bd7 32. b4 Bf8 33. Bf3 Ke8 34.
Bd1 Be7 35. Bb6 Bd8 36. Ba7 Be7 37. Bb3 Kd8 38. bxc5 dxc5 39. Bb8 Be8 40. Be5
Bd7 41. Ke2 Be8 42. Kd2 Bd7 43. Kc2 Kc8 44. Kb2 Kb7 45. Bd1 Kc8 46. Kb3 bxc4+
47. dxc4 Be8 48. Kb2 Bd7 49. Kc1 Be8 50. Kd2 Bd7 51. Ke2 Kd8 52. Kf3 Ke8 53. h3
Kf7 54. g4 Ke8 55. Bc2 Kf7 56. Kg3 h6 57. Bd3 Kg8 58. h4 h5 59. gxh5 gxh5 60.
Be2 Be8 61. Bc7 Kg7 62. Bf3 d3 63. Be5+ Kg6 64. Bd1 Bd7 65. Bc3 Bd8 66. Be1 Be7
67. Kf3 d2 68. Bf2 Be8 69. Ke2 Kf6 70. Kxd2 Bd6 71. Ke3 Ke7 72. Kf3 Kd8 73. Kg3
Kc7 74. Be1 Kd8 75. Bc3 Ke7 76. Be5 Bf7 77. Ba4 Bg6 78. Bc6 Bf7 79. Bb7 a5 80.
Bc8 Bg6 81. Be6 Bh7 82. Kf3 Bg6 83. Bg8 Be8 84. Bh7 Bd7 85. Bg6 Ba4 86. Bxf5
Bd1+ 1-0

[Event "Tradewise Gibraltar Masters 14th"]
[Site "Gibraltar"]
[Date "2016.01.29"]
[Round "4.89"]
[White "Bach, Matthias"]
[Black "Pakosta, Miroslav"]
[Result "1-0"]
[WhiteElo "2301"]
[BlackElo "2097"]
[PlyCount "105"]
[EventDate "2016.01.26"]
[EventType "swiss"]
[EventRounds "10"]
[EventCountry "GGB"]
[Source "www.saund.co.uk"]
[SourceDate "2005.02.07"]

1. d3 e5 2. Nd2 Nc6 3. g3 g6 4. Bg2 Bg7 5. e3 d6 6. b3 Nge7 7. Bb2 Be6 8. a3
Qd7 9. h3 f5 10. Ne2 O-O 11. c4 a5 12. Qc2 Rad8 13. Rd1 d5 14. f4 d4 15. exd4
Nxd4 16. Bxd4 exd4 17. O-O c5 18. Rfe1 Rfe8 19. Kh1 Qc7 20. Ng1 Bd7 21. Ndf3
Bf6 22. h4 Nc6 23. Qf2 Rxe1 24. Rxe1 Re8 25. Ng5 Bxg5 26. hxg5 Ne7 27. Nf3 Bc6
28. Ne5 Kf8 29. Nf3 Kg7 30. Re5 b6 31. b4 axb4 32. axb4 Qd6 33. b5 Bb7 34. Qe1
Kf7 35. Re2 Bxf3 36. Bxf3 Qd7 37. Rh2 Kg8 38. Qe5 Rf8 39. Re2 Rf7 40. Qb8+ Kg7
41. Qxb6 h6 42. gxh6+ Kxh6 43. Qxc5 Ng8 44. Bc6 Qd8 45. Re8 Qa5 46. Rxg8 Qe1+
47. Kh2 Qe2+ 48. Bg2 Qh5+ 49. Kg1 Qd1+ 50. Bf1 Qf3 51. Rh8+ Kg7 52. Qxd4+ Rf6
53. Rh3 1-0

[Event "Tradewise Gibraltar Masters 14th"]
[Site "Gibraltar"]
[Date "2016.01.29"]
[Round "4.90"]
[White "Bergstrom, Rolf"]
[Black "De Rosa, Mariagrazia"]
[Result "1-0"]
[WhiteElo "2297"]
[BlackElo "2088"]
[PlyCount "65"]
[EventDate "2016.01.26"]
[EventType "swiss"]
[EventRounds "10"]
[EventCountry "GGB"]
[Source "www.saund.co.uk"]
[SourceDate "2005.02.07"]

1. e4 c5 2. Nf3 d6 3. Bb5+ Bd7 4. Bxd7+ Qxd7 5. O-O Nf6 6. Qe2 Nc6 7. Rd1 g6 8.
c3 Bg7 9. d4 cxd4 10. cxd4 O-O 11. d5 Nb4 12. Nc3 Rfc8 13. Be3 Ng4 14. Bd4 Bxd4
15. Rxd4 a5 16. Rad1 Rc5 17. a3 Na6 18. h3 Ne5 19. Nd2 Qd8 20. f4 Nd7 21. e5 b5
22. Nde4 b4 23. Na4 dxe5 24. fxe5 Rcc8 25. e6 Ndc5 26. exf7+ Kxf7 27. Naxc5
Nxc5 28. Ng5+ Kg8 29. axb4 axb4 30. d6 exd6 31. Qc4+ Kg7 32. Qf7+ Kh6 33. Rh4+
1-0

[Event "Tradewise Gibraltar Masters 14th"]
[Site "Gibraltar"]
[Date "2016.01.29"]
[Round "4.91"]
[White "Burrows, Martin P"]
[Black "Plotkin, Victor"]
[Result "0-1"]
[WhiteElo "2115"]
[BlackElo "2291"]
[PlyCount "132"]
[EventDate "2016.01.26"]
[EventType "swiss"]
[EventRounds "10"]
[EventCountry "GGB"]
[Source "www.saund.co.uk"]
[SourceDate "2005.02.07"]

1. e4 e5 2. Nf3 Nf6 3. Nxe5 d6 4. Nf3 Nxe4 5. Nc3 Nxc3 6. dxc3 Be7 7. Bf4 Nc6
8. Qd2 Be6 9. O-O-O Qd7 10. Kb1 a6 11. Bd3 h6 12. Qe3 Bf6 13. Nd4 O-O-O 14.
Nxe6 Qxe6 15. Qxe6+ fxe6 16. Bd2 Rhf8 17. f4 e5 18. g3 Rde8 19. Rde1 exf4 20.
Bxf4 Ne5 21. Be4 Bg5 22. Rhf1 Bxf4 23. gxf4 Nc6 24. Kc1 Kd8 25. Kd2 Rf6 26.
Bxc6 Rxe1 27. Kxe1 bxc6 28. Rg1 g6 29. Ke2 Ke7 30. Ke3 Re6+ 31. Kf3 Kf6 32. Rd1
Kf5 33. Rd4 Re1 34. Ra4 Rb1 35. b4 Rf1+ 36. Kg3 Rxf4 37. Rxa6 Rc4 38. Ra3 c5
39. Rb3 cxb4 40. cxb4 Rxc2 41. a4 d5 42. a5 d4 43. b5 Rc3+ 44. Rxc3 dxc3 45. b6
c2 46. b7 c1=Q 47. b8=Q Qc3+ 48. Kg2 Qd2+ 49. Kg3 Qxa5 50. Qf8+ Ke5 51. Qxh6
Qe1+ 52. Kf3 Qe4+ 53. Kg3 Kd4 54. Qh7 c5 55. Qd7+ Ke3 56. Qa7 Qf3+ 57. Kh4 Qf4+
58. Kh3 Kf3 59. Qb7+ Qe4 60. Qb3+ Qe3 61. Qf7+ Ke2+ 62. Kg2 Qe4+ 63. Kg3 c4 64.
Qf6 Qd3+ 65. Kg2 c3 66. Qe6+ Kd2 0-1

[Event "Tradewise Gibraltar Masters 14th"]
[Site "Gibraltar"]
[Date "2016.01.29"]
[Round "4.92"]
[White "Watson, John L"]
[Black "Hagesaether, Arne"]
[Result "1-0"]
[WhiteElo "2277"]
[BlackElo "2086"]
[PlyCount "57"]
[EventDate "2016.01.26"]
[EventType "swiss"]
[EventRounds "10"]
[EventCountry "GGB"]
[Source "www.saund.co.uk"]
[SourceDate "2005.02.07"]

1. c4 e6 2. Nc3 d5 3. d4 Nf6 4. cxd5 exd5 5. Bg5 Be7 6. e3 h6 7. Bh4 Nbd7 8.
Bd3 Nf8 9. Qc2 Ne6 10. Rd1 c6 11. f3 Bd7 12. Nge2 Qc7 13. O-O O-O 14. h3 Rae8
15. e4 g5 16. Bg3 Qc8 17. Be5 Nc7 18. Ng3 Bd8 19. Bd6 Be7 20. Bxc7 Qxc7 21. e5
Bd8 22. Nce2 Rxe5 23. dxe5 Qxe5 24. Bf5 Bb6+ 25. Kh1 Be8 26. f4 gxf4 27. Rxf4
c5 28. Rh4 Bb5 29. Qd2 1-0

[Event "Tradewise Gibraltar Masters 14th"]
[Site "Gibraltar"]
[Date "2016.01.29"]
[Round "4.93"]
[White "Omoifo, Osemekhian I"]
[Black "Perez Garcia, Alejandro"]
[Result "0-1"]
[WhiteElo "2106"]
[BlackElo "2273"]
[PlyCount "62"]
[EventDate "2016.01.26"]
[EventType "swiss"]
[EventRounds "10"]
[EventCountry "GGB"]
[Source "www.saund.co.uk"]
[SourceDate "2005.02.07"]

1. Nf3 d5 2. c4 d4 3. g3 Nc6 4. Bg2 e5 5. O-O Nf6 6. d3 Be7 7. Na3 O-O 8. Rb1
Re8 9. Nc2 a5 10. b3 Nd7 11. a3 Nc5 12. Nfe1 Bf6 13. Bd2 Ra7 14. b4 axb4 15.
axb4 Na4 16. b5 Na5 17. Nb4 Nc3 18. Bxc3 dxc3 19. Nd5 e4 20. Qc2 exd3 21. exd3
Bf5 22. Ra1 Ra8 23. h4 Qd6 24. Nxf6+ Qxf6 25. Ra3 Nxc4 26. Rxc3 Na3 27. Qc1
Nxb5 28. Rc5 Nd4 29. Qc4 c6 30. Qb4 b5 31. Nc2 Ra4 0-1